{"text_format":"3","workbook":"xls","n_sheets":2,"sheets":["邳州公司","巨野分公司"],"read":"whole","date_system":"1900","formulas":"cached_only"}

{"sheet":"邳州公司","index":0,"n_rows":10,"n_cols":13,"rows_kept":10,"merged":[[1,2,1,11],[2,2,2,11],[3,2,3,11]],"flags":["formulas_cached_only"]}
[]
[null,null,"五金收料统计日报表"]
[null,null,"日期： 2019    年    6  月  5  日                             填表人： 梅瑞雪"]
[null,null,"单位：大力神管桩有限公司"]
[null,"入库单号","品名","规格","数量","单位","单价","金额","供应商名称","联系方式","采购员","检验员","备注"]
[null,"WIN0050734","时间继电器","JS14A",5,"个",42,210,"台儿庄区四海电料经营部",null,"戴春举","刘飞","德力西220V"]
[null,null,"压力开关",null,5,"个",38,190,{"$nulls":4},"铜管上接手柄式XT10-0.55-0.8MP"]
[null,null,"联动触头","63A",10,"个",19,190,{"$nulls":4},"浙江立新起重开关KD15-63A"]
[null,null,"铜芯电缆","3*35+1",200,"米",68,13600,{"$nulls":4},"3*35+1*16"]
[null,"WIN0050735","脱模剂","200kg/桶",25,"桶",605.12,15128,"沧州鹏翔化工有限公司",null,"戴春举","梅瑞雪","油性脱模剂4.88吨*3100元/吨"]

{"sheet":"巨野分公司","index":1,"n_rows":26,"n_cols":12,"rows_kept":26,"flags":["formulas_cached_only"]}
["五金收料统计日报表"]
["日期： 2019  年 06月 5日                             填表人： 杨振华"]
["单位：江苏大力神管桩有限公司巨野分公司"]
["入库单号","品名","规格","数量","单位","单价","金额","供应商名称","联系方式","采购员","检验员","备注"]
["WIN008828","床","1.5米",1,"张",170,170,"刘传想",null,"张传朋","甘星允"]
["WIN008829","多用扳手","兰龙牌30#",2,"把",22,44,"巨野县泗春五金机电门市部",13561346099,"张传朋","甘星允"]
[null,"轴承",30217,8,"个",59,472,"巨野县泗春五金机电门市部",13561346099,"张传朋","甘星允"]
[null,"电焊钳","800A",4,"把",25,100,"巨野县泗春五金机电门市部",13561346099,"张传朋","甘星允"]
[null,"8.8级高强螺丝","16*80",50,"套",1.63,81.5,"巨野县泗春五金机电门市部",13561346099,"张传朋","甘星允"]
[null,"切割片",100,50,"个",0.8,40,"巨野县泗春五金机电门市部",13561346099,"张传朋","甘星允"]
["WIN008830","百叶片",100,50,"个",1.5,75,"巨野县泗春五金机电门市部",13561346099,"张传朋","甘星允"]
[null,"螺丝松动剂",null,24,"个",6.25,150,"巨野县泗春五金机电门市部",13561346099,"张传朋","甘星允"]
[null,"内六角扳手","8#",3,"个",6,18,"巨野县泗春五金机电门市部",13561346099,"张传朋","甘星允"]
[null,"电焊帽",null,2,"个",6,12,"巨野县泗春五金机电门市部",13561346099,"张传朋","甘星允"]
[null,"磨片",100,50,"个",1.65,82.5,"巨野县泗春五金机电门市部",13561346099,"张传朋","甘星允"]
["WIN008831","大垃圾袋",null,4,"包",15,60,"康艳丽",null,"张传朋","甘星允"]
["WIN008832","铁丝","扎丝",11,"斤",4,44,"巨野县信德标准件经营部",null,"张传朋","甘星允"]
["WIN008833","三角带","B-1900",10,"根",12.3,123,"巨野县耐驰三角带经销部",null,"张传朋","甘星允"]
["WIN008834","扎带","5*250",1,"包",12,12,"巨野县兴强轴承销售中心",null,"张传朋","甘星允"]
[null,"扎带","5*300",1,"包",15,15,"巨野县兴强轴承销售中心",null,"张传朋","甘星允"]
[null,"轴承",22224,4,"个",260,1040,"巨野县兴强轴承销售中心",null,"张传朋","甘星允"]
[null,"碎布",null,2,"根",50,100,"巨野县兴强轴承销售中心",null,"张传朋","甘星允"]
["WIN008835","A4纸","粉红",1,"包",10,10,"巨野县晨风文具商行",null,"张传朋","甘星允"]
["WIN008847","摆线针轮减速机","BWY3-23-5.5KW",1,"套",1920,1920,"杭州新星减速机厂",null,"王成军","甘星允"]
["WIN008848","拖把","木拖把头",4,"个",12,48,"巨野县麒麟镇宗合门市部",null,"张传朋","甘星允"]
[{"$nulls":6},0]